000 00573nam a2200229Ia 4500
003 OSt
005 20230406102404.0
008 210423s2008 xx 000 0 und d
020 _a9788174466488
040 _cAL
041 _aeng
082 _a337 KUMR
_223
100 _aKUMAR (Raj)
_984057
245 _aInternational economics
260 _aNew Delhi
_bExcel Books
_c2008
300 _axxiv,551
_bPB
365 _b345
_cINR
650 _aEconomics
_984058
650 _aInternational Economics
_984059
906 _aeconomics ; International
942 _2ddc
_cBK
999 _c158821
_d158821